000 00956cab a2200229 4500
001 ABS46345
008 090401t1992 xxu||||| |||| 00| 0 eng d
035 _a(Sirsi) u57904
041 0 _aeng
100 1 _aRidout, G.
245 0 0 _aFlaming row
260 _c1992
350 _a0
490 0 _aBuilding
_v257(7747) 29 May 1992, 46-47(2)
520 _aThe new "Code of practice for the construction of buildings" drawn up by the Loss Prevention Council to reduce the number of fire claims, has met with opposition throughout the industry, not least because it conflicts in some respects with the Building Regulations on fire safety. Some of the objections are raised here.
650 2 4 _aLPC CODE OF PRACTICE FOR THE CONSTRUCTION OF BUILDINGS
650 2 4 _aBUILDING REGULATIONS 1991 APPROVED DOCUMENT B (1992 EDITION)
651 4 _aEngland and Wales
_y1543-
690 _aBUILT ENVIRONMENT-BUILDING STANDARDS
942 _n0
948 _c04/03/1997
999 _c35350
_d35350